004550000a22001330004500090001700000245012200017041001400139700003400153700003600187100003700223942001300260773003100273999001700304 aASbSeriadas10aMercado de la conservaciónsmarco conceptual para el diseño de incentivos a la conservación de la biodiversidad0 aEspañol1 aCárdenas, Juan Camilo922151 aBaptiste, Luis Guillermo9751911 aHernández Pérez, Sarah92040 cARTICULO1 tBiosintesish14q1-4d1999 c15927d15927